[Event "US-ch Open 2019"]
[Site "Saint Louis"]
[Date "2019.03.21"]
[Round "2.5"]
[White "Dominguez Perez, Leinier"]
[Black "Shankland, Samuel"]
[Result "1/2-1/2"]
[WhiteElo "2739"]
[BlackElo "2731"]
[Annotator "TA"]
[PlyCount "59"]
[EventDate "2019.03.20"]
[EventType "swiss"]
[EventCountry "USA"]
[SourceTitle "playchess.com"]
[Source "ChessBase"]
[SourceQuality "1"]

{[%evp 14,59,25,14,12,17,17,6,5,5,6,14,8,10,20,0,28,0,31,0,48,49,40,41,47,44,175,0,0,-39,-24,-48,0,0,0,0,0,0,0,0,0,0,0,0,0,0,0,0]} 1. e4 c5 2. Nf3 e6 3. d4 cxd4 4. Nxd4 Nc6 5. Nc3 Qc7 6. Be3 a6 7. Qd2 Nf6 8. O-O-O Be7 {B48: Sicilian: Taimanov: 5 Nc3 Qc7 6 Be3 a6 without Be2} 9. f3 (9. f4 b5 10. e5 b4 11. exf6 bxc3 12. Qxc3 Bxf6 13. g4 h6 14. h4 Bb7 15. Rh2 Qd6 16. Qd2 Bxd4 17. Bxd4 Qxd4 18. Qxd4 Nxd4 19. Rxd4 {½-½ (31) Duda,J (2738)-Shankland,S (2725) Wijk aan Zee 2019}) 9... b5 10. g4 Nxd4 11. Bxd4 Bb7 12. Kb1 O-O 13. Rg1 Rac8 $146 ({Predecessor:} 13... e5 14. Be3 d5 15. g5 Nxe4 16. fxe4 {½-½ (32) Thierry,R (2323)-Legemaat,G (2313) ICCF email 2014}) 14. h4 Rfd8 15. Bh3 Ne8 16. g5 Bc5 17. h5 Bxd4 18. Qxd4 Qc5 19. Qd2 d5 ({Black should try} 19... Rc6 $14) 20. e5 $2 (20. g6 $18 dxe4 21. gxf7+ Kxf7 22. Qf4+ Nf6 23. fxe4 Rxd1+ 24. Rxd1 Bxe4 25. Rd7+ Kg8 26. Bxe6+ Kh8 27. Rd1) 20... d4 $11 21. g6 dxc3 ({But not} 21... Qxe5 $6 22. gxf7+ Kxf7 23. Ne2 $14) 22. gxf7+ Kxf7 23. Qf4+ {The position is equal.} Ke7 $1 {[#] ...Rd5 is the strong threat.} 24. Qg5+ Kf7 $1 25. Qf4+ Ke7 $1 {Hoping for ...Rd5.} 26. Qg5+ Kf7 $1 27. Qf4+ Ke7 $1 {[#] And now ...Rd5 would win.} 28. Qg5+ Kf7 $1 29. Qf4+ Ke7 $1 {Strongly threatening ...Rd5.} 30. Qg5+ {Accuracy: White = 74%, Black = 62%.} 1/2-1/2

[Event "US-ch Open 2019"]
[Site "Saint Louis"]
[Date "2019.03.21"]
[Round "2.6"]
[White "Sevian, Samuel"]
[Black "Liang, Awonder"]
[Result "1-0"]
[WhiteElo "2642"]
[BlackElo "2590"]
[Annotator "TA"]
[PlyCount "153"]
[EventDate "2019.03.20"]
[EventType "swiss"]
[EventCountry "USA"]
[SourceTitle "playchess.com"]
[Source "ChessBase"]
[SourceQuality "1"]

{[%evp 23,153,19,41,42,38,26,25,17,75,77,96,90,75,81,83,76,96,98,87,79,168,112,187,192,191,191,181,150,136,47,47,63,68,0,74,0,75,66,68,54,92,103,403,65,65,62,199,51,54,62,193,110,110,105,104,84,68,0,92,37,55,22,54,62,85,85,87,52,34,0,5,5,9,6,34,34,58,61,79,62,66,66,75,45,57,32,70,36,70,37,397,406,793,439,431,431,429,395,406,579,527,529,493,471,1035,839,1371,1381,1392,6705,29978,29979,29978,29979,29978,29980,29978,29980,29973,29974,29984,29985,29987,29988,29988,29989,29989,29990,29990,29991,29991,29990]} 1. e4 c6 2. d4 d5 3. Nd2 dxe4 4. Nxe4 Bf5 5. Ng3 Bg6 6. h4 h6 7. Nf3 e6 8. Ne5 Bh7 9. Bd3 Bxd3 10. Qxd3 Nd7 11. Bf4 Ngf6 12. O-O-O Be7 13. Qf3 {[#] B19: Classical Caro-Kann: 4...Bf5 main line} Qa5 $146 ({Predecessor:} 13... O-O 14. c4 Qb6 15. Nxd7 Nxd7 16. Nh5 Kh8 17. Kb1 c5 18. Be3 e5 19. Qg4 Qg6+ 20. Qxg6 fxg6 21. dxc5 Nxc5 {1-0 (59) De Firmian,N (2536)-Yermolinsky,A (2574) Seattle 2002}) 14. Kb1 Qd5 15. Qe2 {White has an edge.} b5 (15... Rd8 $1 $11 {remains equal.}) 16. f3 $16 b4 17. Rhe1 O-O 18. Ne4 $1 Rac8 19. g4 Qb5 20. Nxd7 Nxd7 21. Qg2 Kh8 (21... Rcd8 $16) 22. Qd2 ({Better is} 22. g5 $18) 22... Rfd8 (22... Nb6 $16 {keeps fighting.}) 23. Bd6 $18 Bf8 24. Qf4 Kg8 25. g5 h5 26. Bc7 (26. Bxf8 $1 $16 Rxf8 27. Qd6) 26... Re8 $1 $14 27. Be5 $36 {[%mdl 2048] White has the initiative.} Red8 $1 28. Bc7 Re8 $1 29. Ng3 (29. g6 $16 f6 30. Bd6) 29... Nb6 (29... c5 $1 $11 30. dxc5 (30. Nxh5 cxd4 31. Be5 Nxe5 $11) 30... Bxc5) 30. Bxb6 $1 $16 axb6 31. Nxh5 {Threatens to win with Re5.} Red8 32. Re5 Rd5 $2 {[%mdl 8192]} (32... Bd6 $16 {was worth a try.} 33. Rxb5 Bxf4) 33. Rg1 $2 (33. Nf6+ $1 $18 gxf6 34. gxf6) 33... Rxe5 $1 $14 34. dxe5 Qe2 {[#]} ({Black should try} 34... Bc5 $1 $14 35. g6 fxg6 36. Rxg6 {[%mdl 64] Double Attack} Qf1+ 37. Qc1 Qxc1+ 38. Kxc1 Rc7) 35. Qg4 (35. Nf6+ $1 $18 {[%mdl 512]} Kh8 (35... gxf6 36. gxf6+) 36. Qg4) 35... g6 36. Nf6+ Kh8 {[#]} (36... Kg7 $1 $14) 37. Qe4 (37. Qh3 $1 $18 {h5 would kill now.} Rd8 38. Qh1) 37... Qxe4 $16 38. Nxe4 {[%mdl 4096] Endgame KRB-KRN} ({Reject} 38. fxe4 Bc5 $11) 38... Rd8 39. Kc1 Ra8 40. Kb1 Rd8 $1 41. Re1 (41. Rc1 $16) 41... Kg7 42. b3 Be7 43. Kc1 Rh8 44. Rh1 b5 45. Kb2 Rd8 46. Kc1 Rd5 47. f4 Rd4 48. Re1 c5 49. Kb2 c4 50. bxc4 bxc4 51. Re3 Bf8 52. c3 Rd1 53. Nd6 Rd2+ $1 54. Kb1 b3 55. axb3 {Black must now prevent Ne8+.} cxb3 56. Re4 {And now Rd4 would win.} Rc2 $2 {[%mdl 8192] [#]} (56... Bxd6 $14 57. exd6 Rxd6) 57. Rc4 $1 $18 Rd2 (57... Rf2 $142 58. Rc7 Bxd6 59. exd6 Rd2) 58. Ne8+ Kg8 {Hoping for ...Ba3.} 59. Rc8 f5 60. Nd6 Kg7 61. Rc7+ Kg8 62. Rd7 Rf2 63. c4 Rxf4 (63... Rf1+ $142 64. Kb2 Rf2+ 65. Kxb3 Rf3+ 66. Kb2 Rf2+ 67. Kc3 Rf3+ 68. Kc2 Rxf4) 64. c5 Rf1+ 65. Kb2 f4 66. c6 {White wants to mate with c7.} f3 67. c7 {White mates.} f2 68. c8=Q Rb1+ 69. Kxb1 f1=Q+ 70. Kb2 Qe2+ 71. Kxb3 Qd1+ 72. Qc2 Qd5+ 73. Kb4 Qd4+ 74. Kb5 Qxe5+ 75. Ka6 Qa1+ 76. Kb7 Bg7 77. Ne4 {Accuracy: White = 56%, Black = 41%.} 1-0

[Event "US-ch Open 2019"]
[Site "Saint Louis"]
[Date "2019.03.22"]
[Round "3.1"]
[White "Akobian, Varuzhan"]
[Black "So, Wesley"]
[Result "1/2-1/2"]
[WhiteElo "2625"]
[BlackElo "2762"]
[Annotator "TA"]
[PlyCount "80"]
[EventDate "2019.03.20"]
[EventType "swiss"]
[EventCountry "USA"]
[SourceTitle "playchess.com"]
[Source "ChessBase"]
[SourceQuality "1"]

{[%evp 30,80,11,11,15,11,9,8,9,12,36,34,24,7,4,16,22,5,22,18,18,18,22,10,12,0,0,0,0,0,0,-10,-9,-11,-4,-8,0,0,8,8,8,8,8,0,0,0,24,24,28,26,45,45,59]} 1. d4 Nf6 2. c4 g6 3. Nc3 d5 4. cxd5 Nxd5 5. e4 Nxc3 6. bxc3 Bg7 7. Be3 c5 8. Rc1 Qa5 9. Qd2 O-O 10. Nf3 Rd8 11. d5 e6 12. Bg5 {D85: Exchange Grünfeld: Unusual White 7th moves and lines with 7 Nf3} f6 13. Be3 Nc6 14. h4 (14. Bd3 Ne7 15. c4 Qxd2+ 16. Bxd2 b6 17. O-O Ba6 18. Rfe1 Rac8 19. Bf1 exd5 20. exd5 {1-0 (46) Yu,Y (2759)-Svidler,P (2753) Shenzhen 2018}) 14... exd5 15. exd5 Bg4 16. Be2 {LiveBook: 4 Games} c4 17. Bxc4 Bxf3 18. gxf3 Ne5 $1 {[%csl LRc4,LRf3][%mdl 64] [#] Double Attack} 19. Be2 Qxd5 20. Qxd5+ Rxd5 21. Rd1 $146 (21. Kf1 {keeps more tension.} Rc8 22. c4 Rdd8 23. h5 f5 24. hxg6 hxg6 25. c5) 21... Rxd1+ 22. Bxd1 Rc8 23. h5 f5 24. Bb3+ Kf8 25. Ke2 b6 26. hxg6 hxg6 27. Rh7 Re8 28. Bc1 {[#] And now Ba3+ would win.} Nd7+ 29. Kd2 Nc5 30. Ba3 Re7 {Threatens to win with ...Bxc3+!} 31. Bxc5 bxc5 $11 {[%mdl 4096] Endgame KRB-KRB} 32. Kd3 Re1 33. Rh4 Rf1 34. Ra4 Be5 35. Rxa7 Rc1 36. Kc4 Rxc3+ 37. Kd5 c4 38. Bxc4 Bh2 39. a4 {[%cal Ba2a4,Ba4a5][%mdl 32]} Bg1 40. a5 Bxf2 {Accuracy: White = 65%, Black = 56%.} 1/2-1/2

[Event "US-ch Open 2019"]
[Site "Saint Louis"]
[Date "2019.03.22"]
[Round "3.2"]
[White "Nakamura, Hikaru"]
[Black "Sevian, Samuel"]
[Result "1-0"]
[WhiteElo "2746"]
[BlackElo "2642"]
[Annotator "TA"]
[PlyCount "97"]
[EventDate "2019.03.20"]
[EventType "swiss"]
[EventCountry "USA"]
[SourceTitle "playchess.com"]
[Source "ChessBase"]
[SourceQuality "1"]

{[%evp 9,97,4,5,2,14,16,9,11,22,22,29,29,15,15,32,26,45,40,42,14,6,13,9,4,37,35,33,28,41,36,61,60,125,86,86,86,89,86,86,86,86,86,86,86,139,135,166,166,177,178,177,175,197,186,212,212,362,362,362,365,340,337,863,826,1120,1043,1354,1291,1184,1126,1192,1171,1172,1050,873,820,1238,1150,2108,1903,1651,1546,2640,1581,4614,5999,11870,10605,29966,29947]} 1. c4 e5 2. Nc3 Nf6 3. Nf3 Nc6 4. e4 Bb4 5. d3 d6 6. a3 {A28: English Opening: Four Knights Variation} Bc5 {Black wants to play ...Ng4.} 7. b4 Bb6 8. Na4 {The position is equal.} Bg4 9. Be2 Nd7 10. Nxb6 axb6 11. Bb2 O-O 12. h3 $146 ({Predecessor:} 12. O-O Re8 13. Nd4 Nxd4 14. Bxg4 {½-½ (40) Pantsulaia,L (2585)-Korobov,A (2668) Kocaeli 2017}) 12... Bxf3 13. Bxf3 Nd4 14. O-O Nxf3+ 15. Qxf3 Qg5 16. Rae1 Nb8 17. d4 Nc6 18. dxe5 dxe5 19. Rd1 Rfd8 20. Rd5 $1 Rxd5 (20... Qe7 $14) 21. cxd5 Nd4 22. Bxd4 exd4 $16 {[%mdl 4096] Endgame KQR-KQR} 23. Qd3 c5 24. dxc6 bxc6 25. Qxd4 c5 26. Qd6 cxb4 ({Better is} 26... h6) 27. axb4 $40 {[%cal Ba3b4,Bb4b5][%mdl 160] White attacks with force.} Qb5 28. Rc1 h6 29. Qc6 Qa6 30. b5 Qa5 31. Rd1 Rb8 32. Kh2 Qa2 (32... Qb4 $142 33. Rd5 Qe7) 33. Qc7 $18 Qa8 34. Rd7 Rf8 35. Qxb6 Qxe4 $2 {[#]} (35... Qb8+ 36. Rd6 Qxb6 37. Rxb6 Re8) 36. Qd6 Qe6 37. Qxe6 fxe6 {KR-KR} 38. b6 Kh7 39. b7 Kg6 40. Rc7 Rb8 41. Kg3 Kf5 42. Rxg7 Rd8 43. f3 e5 44. Rc7 {[#] White wants to mate with Rc8.} Rb8 45. Kf2 e4 46. fxe4+ Kxe4 47. Kg3 Kf5 48. Kh4 Kg6 49. Rc6+ {Accuracy: White = 95%, Black = 27%.} 1-0

[Event "US-ch Open 2019"]
[Site "Saint Louis"]
[Date "2019.03.22"]
[Round "3.3"]
[White "Shankland, Samuel"]
[Black "Xiong, Jeffery"]
[Result "0-1"]
[WhiteElo "2731"]
[BlackElo "2663"]
[Annotator "TA"]
[PlyCount "82"]
[EventDate "2019.03.20"]
[EventType "swiss"]
[EventCountry "USA"]
[SourceTitle "playchess.com"]
[Source "ChessBase"]
[SourceQuality "1"]

{[%evp 9,82,-1,11,0,9,0,4,22,26,-55,-31,-45,-33,-93,-91,-122,-109,-125,-101,-123,-114,-102,-61,-259,-287,-261,0,0,0,0,0,0,0,-93,-41,-64,-47,-64,-60,-270,0,0,0,-231,-225,-903,-912,-847,-814,-784,-316,-1166,-1161,-1147,-1146,-1131,-179,-185,0,-1127,-1050,-1347,-1345,-5497,0,0,0,-5473,-386,-384,-391,-387,-383,-29993,-29994]} 1. e4 e5 2. Nf3 Nc6 3. d4 exd4 4. Nxd4 Qf6 5. Nb3 Qg6 6. f3 {C45: Scotch Game} Nf6 (6... Bd6 7. g4 h5 8. g5 f6 9. Nc3 fxg5 10. Rg1 g4 11. f4 Nge7 12. Be3 O-O 13. Qd2 {1-0 (27) Nepomniachtchi,I (2763)-Cheparinov,I (2709) St Petersburg 2018}) 7. Bf4 Bb4+ 8. Kf2 $146 {Threatening Bd3.The position is equal.} ({Predecessor:} 8. c3 Be7 9. Qd2 d6 10. c4 Nh5 11. Be3 Ne5 12. Nc3 Be6 13. Nb5 {0-1 (62) Tagelsir,A (2232)-Saeed,I (2434) Sharjah 2018}) 8... O-O 9. a3 ({White should play} 9. Bd3 $11 Ne8 10. a3) 9... Be7 $15 10. Bd3 Nh5 $1 {[%cal Rh5f4]} 11. Bxc7 ({White should try} 11. Be3 $15) 11... d6 $17 12. e5 Bh4+ $1 (12... Qg5 13. exd6 Bf6 14. Nc3 $16 (14. d7 Bxd7 15. Nc3 Rac8 $11)) 13. Kf1 (13. g3 $6 Bxg3+ 14. hxg3 Qxg3+ 15. Ke3 Qxe5+ 16. Be4 Qg5+ 17. Kf2 Qg3+ 18. Ke3 Qg5+ 19. Kf2 Qg3+ 20. Ke2 Nf4+ 21. Kd2 f5 $11) 13... Qh6 $1 14. exd6 (14. Bxd6 $6 Re8 $14) 14... Re8 (14... Qe3 15. Qd2 $18) 15. Nc3 Ne5 (15... Qe3 $2 16. Qe2 $18) 16. Nc5 $2 (16. Bb5 $15 Bd7 17. Bxd7 Nxd7 18. g3) 16... Nxf3 $1 $19 (16... Qe3 17. N5e4 $11) 17. N3e4 Bg4 $2 (17... f5 $19 18. Qxf3 fxe4 19. Bxe4 Nf6) 18. d7 $11 (18. gxf3 Bh3+ 19. Ke2 Nf4+ 20. Ke3 Ne6+ 21. Ng5 Qxg5+ 22. Ke4 Qxc5 23. Rg1 Bf5#) 18... Re5 $40 {[%mdl 128] Black is up to no good.} 19. Bxe5 Nxe5 20. Qd2 {Threatens to win with Qxh6.} Qc6 $1 {White must now prevent ...f5.} 21. h3 {[#]} (21. Qe3 $11) 21... Bxd7 (21... Bf5 $1 $17 22. Qe2 Qh6) 22. Nxd7 $15 Nxd7 23. Qc3 Qh6 {Hoping for ...Re8.} 24. g4 $2 {[#]} ({Better is} 24. g3 $15 Bxg3 25. Be2) 24... f5 $2 (24... Ng3+ 25. Nxg3 Qf4+ 26. Ke2 $16) (24... Qf4+ $1 $19 25. Kg2 Ndf6 26. Nxf6+ gxf6 27. Bxh7+ Kxh7) 25. gxf5 $11 {aiming for Rg1.} Re8 ({And not} 25... Qf4+ 26. Kg2 $16 (26. Kg1 Qe3+ 27. Kf1 Qf3+ 28. Kg1 Qe3+ 29. Kf1 Qf3+ 30. Kg1 Qe3+ $11)) 26. Qc4+ $2 (26. Rh2 $1 $11) 26... Kh8 $19 {And now ...Ne5 would win.} 27. Rg1 $2 (27. Rh2 Ng3+ 28. Kg2 Nxe4 29. Bxe4) 27... Qe3 28. Rg2 Nf4 {[%mdl 64] Double Attack} 29. Rh2 Nxh3 (29... Bg3 $142 30. Nxg3 Qxg3 {[%mdl 64] Double Attack}) 30. Kg2 $2 (30. Nf2 Bxf2 31. Qg4) 30... Nf4+ 31. Kh1 Qf3+ 32. Kg1 Qg4+ $2 (32... Bd8 33. Qd4 {[%mdl 64] Double Attack} Ne5) 33. Kh1 Qf3+ $2 (33... Ne5 34. Qb5 (34. Be2 $2 Nxe2 35. Qxe2 Nf3 $19) 34... Qf3+ {[%mdl 64] Double Attack} 35. Kg1 Nc6) 34. Kg1 Bd8 35. Rf1 Bb6+ 36. Nf2 Qg3+ 37. Kh1 {Strongly threatening Ne4.} Qf3+ 38. Kg1 Nh3+ $2 (38... Nf6 {( -> ...Ng4)} 39. Qf7 Bxf2+ {[%mdl 64] Overworked Piece} 40. Rfxf2 Re1+ 41. Rf1 Qg3+ 42. Kh1 Nxd3 43. Qf8+ Ng8 44. Rxe1 Qxe1+ 45. Kg2 Qf2+ {[%mdl 64] Double Attack} 46. Kh3 Nf4+ 47. Kg4 Qxh2) 39. Rxh3 Qxh3 40. Qf4 Nf6 41. Bb5 $2 (41. Qh2 $19 Qxh2+ {[%mdl 64] Overworked Piece} 42. Kxh2 Bxf2 43. Rxf2 Ng4+ {[%mdl 64] Double Attack} 44. Kg3 Nxf2 45. Kxf2) 41... Re4 {Accuracy: White = 39%, Black = 55%.} 0-1

[Event "US-ch Open 2019"]
[Site "Saint Louis"]
[Date "2019.03.22"]
[Round "3.4"]
[White "Liang, Awonder"]
[Black "Caruana, Fabiano"]
[Result "1/2-1/2"]
[WhiteElo "2590"]
[BlackElo "2828"]
[Annotator "TA"]
[PlyCount "68"]
[EventDate "2019.03.20"]
[EventType "swiss"]
[EventCountry "USA"]
[SourceTitle "playchess.com"]
[Source "ChessBase"]
[SourceQuality "1"]

{[%evp 17,68,33,25,27,26,26,29,34,27,24,41,50,49,49,49,42,43,34,39,58,50,50,55,36,45,33,37,39,48,13,43,-29,0,0,0,0,0,0,0,0,11,10,10,10,18,18,17,17,18,0,18,0,0]} 1. e4 c5 2. c3 Nf6 3. e5 Nd5 4. Nf3 e6 5. d4 cxd4 6. cxd4 d6 7. Bc4 Nb6 8. Bd3 Nc6 9. O-O Nb4 10. Bg5 {B22: Sicilian: 2 c3} Be7 11. Bxe7 Qxe7 12. Nc3 {White has an edge.} dxe5 13. dxe5 Nxd3 14. Qxd3 Bd7 (14... O-O 15. Qe4 Rb8 16. Nb5 Bd7 17. Nxa7 Ra8 {0-1 (47) Boruchovsky,A (2531)-Naiditsch,A (2667) Jerusalem 2016}) 15. Ne4 O-O $1 16. Nd4 Rad8 17. Rad1 $146 ({Predecessor:} 17. Nd6 f6 {½-½ (27) Hayward,K (2142)-Tesic,Z ICCF email 2004}) 17... Bc6 18. Nxc6 bxc6 19. Nd6 Nd5 20. Qc2 f6 21. Qxc6 fxe5 22. Ne4 Rc8 23. Qa4 Rb8 24. Nc3 (24. b3 $14) 24... Rxb2 (24... Nf4 $5 {[%cal Re7g5]} 25. Qc2 Qb7 $15) 25. Nxd5 {The position is equal.} exd5 26. Rxd5 Qf7 {[%cal Rb2f2]} 27. Rd7 Rxa2 28. Qb5 a6 29. Qb1 Qxd7 30. Qxa2+ {[%mdl 64] [#] Double Attack} Qf7 31. Qxa6 h6 32. Qe2 Qf5 33. Qe3 Qf4 34. Qxf4 exf4 {Accuracy: White = 63%, Black = 74%.} 1/2-1/2

[Event "US-ch Open 2019"]
[Site "Saint Louis"]
[Date "2019.03.22"]
[Round "3.5"]
[White "Robson, Ray"]
[Black "Dominguez Perez, Leinier"]
[Result "0-1"]
[WhiteElo "2667"]
[BlackElo "2739"]
[Annotator "TA"]
[PlyCount "102"]
[EventDate "2019.03.20"]
[EventType "swiss"]
[EventCountry "USA"]
[SourceTitle "playchess.com"]
[Source "ChessBase"]
[SourceQuality "1"]

{[%evp 9,102,18,17,11,18,23,21,1,23,12,14,0,18,12,18,0,0,0,0,-23,-13,-17,-6,-14,-13,-12,-4,-40,-40,-42,-47,-83,-75,-120,-43,-61,-40,-57,-15,-25,-24,-46,-32,-42,-36,-40,-30,-79,-86,-102,-105,-116,-97,-116,-101,-143,-125,-130,-97,-148,-133,-141,-141,-141,-133,-219,-217,-208,-201,-178,-178,-837,-555,-616,-452,-29967,-29968,-29967,-29969,-29969,-29971,-29970,-29971,-29976,-29978,-29979,-29980,-29980,-29981,-29981,-29982,-29982,-29982,-29982,-29983]} 1. e4 e5 2. Nf3 Nc6 3. Bb5 Nf6 4. d3 Bc5 5. Bxc6 dxc6 6. Nbd2 {[%cal Bb1d2,Bd2b3,Bb3a5,Ba5c4][%mdl 32] C65: Ruy Lopez: Berlin Defence (3...Nf6), unusual lines and 4 0-0 Bc5} (6. O-O {keeps more tension.} Nd7 7. c3 O-O 8. Qc2 b6 9. Re1) 6... Be6 7. O-O Bd6 8. Nb3 {The position is equal.} (8. b3 O-O 9. Nc4 Nd7 10. a4 Bxc4 11. bxc4 a5 12. Bg5 Be7 13. Be3 b6 {½-½ (52) Caruana,F (2828)-Nakamura,H (2749) chess.com INT 2019}) 8... Qe7 9. Na5 $146 ({Predecessor:} 9. Qe1 h6 10. Na5 Rb8 11. d4 exd4 12. e5 Bb4 13. Bd2 Bxa5 14. Bxa5 {½-½ (24) Saric,I (2678)-Fressinet,L (2702) Germany 2016}) 9... O-O-O 10. Bd2 Bg4 11. Rb1 Nd7 12. Nc4 Qf6 13. b4 Nf8 14. h3 Bxf3 $1 15. Qxf3 Qxf3 16. gxf3 Ne6 17. Be3 Rhf8 18. c3 ({Much weaker is} 18. Bxa7 b6 $17) 18... f5 19. Rfd1 Rf6 20. d4 exd4 21. cxd4 fxe4 (21... Bf4 $17 22. Kg2 fxe4 23. fxe4 Rdf8) 22. Nxd6+ $15 cxd6 23. fxe4 d5 24. e5 Rf5 25. b5 {[#]} c5 $1 {[%mdl 512]} 26. dxc5 d4 27. Bd2 Nxc5 28. b6 axb6 29. Rxb6 Rxe5 30. Rc1 Rdd5 31. Rb5 Kd7 32. Ba5 d3 33. Kf1 d2 34. Bxd2 ({White should try} 34. Rd1) 34... Rxd2 $17 35. Rcxc5 Rxc5 36. Rxc5 Rxa2 {[%mdl 4096] Endgame KR-KR} 37. Rh5 (37. h4 $17) 37... h6 $19 38. Rf5 {[#]} Kc6 $1 39. Rf7 {[#]} b5 $1 {[%cal Bb7b5,Bb5b4,Bb4b3][%mdl 32]} 40. Rxg7 $2 (40. Ke1) 40... b4 41. Rg3 Kb5 42. Kg2 (42. Ke1 $19 Kc4 43. Kd1) 42... Ra3 {Black mates.} 43. Rg8 Ra6 44. Kf3 b3 45. Rg1 Kb4 46. Ke4 b2 47. Rb1 Kc3 48. f4 Ra1 49. Rxb2 Kxb2 50. f5 Rf1 51. Ke5 Rh1 {Accuracy: White = 40%, Black = 65%.} 0-1

[Event "US-ch Open 2019"]
[Site "Saint Louis"]
[Date "2019.03.22"]
[Round "3.6"]
[White "Gareyev, Timur"]
[Black "Lenderman, Aleksandr"]
[Result "1/2-1/2"]
[WhiteElo "2557"]
[BlackElo "2637"]
[Annotator "TA"]
[PlyCount "151"]
[EventDate "2019.03.20"]
[EventType "swiss"]
[EventCountry "USA"]
[SourceTitle "playchess.com"]
[Source "ChessBase"]
[SourceQuality "1"]

{[%evp 15,151,0,0,0,0,0,0,0,0,0,0,0,0,0,11,13,138,0,0,-14,0,11,17,20,18,0,-8,0,-4,-8,-3,-19,-8,-13,0,0,0,0,0,0,0,0,0,-8,0,0,0,-11,-11,-26,-25,-24,0,0,0,-16,0,0,0,0,0,0,0,0,0,-33,0,-46,-35,-50,-44,-115,-115,-145,-143,-155,-107,-97,-85,-152,-152,-149,-147,-151,-125,-131,-131,-131,-131,-131,-131,-178,-178,-178,-178,-154,-115,-115,-115,-125,-125,-125,-125,-125,-125,-125,-123,-123,-123,-123,-123,-123,-123,-123,-123,-123,-123,-123,-123,-123,-123,-123,-123,-123,-123,-123,-123,-123,-123,-123,-123,-123,-123,-123,-123,-123,-123,-123]} 1. d4 e6 2. c4 Nf6 3. Nc3 Bb4 4. e3 O-O 5. Bd2 c5 6. Bd3 cxd4 7. exd4 d5 8. cxd5 exd5 9. Nge2 {E46: Nimzo-Indian: Rubinstein: 4 e3 0-0 5 Ne2 without early Bd3} Nc6 10. O-O Bd6 $146 ({Predecessor:} 10... Bg4 11. Bg5 Be7 12. Qb3 Na5 13. Qc2 h6 14. Bh4 Qd7 15. h3 Be6 16. Rad1 Nc4 {1-0 (42) Glenne,B (2235)-Gronn,A (2370) Oslo 2002}) 11. h3 {The position is equal.} h6 12. Rc1 Re8 13. Be3 a6 14. a3 Bc7 15. Re1 Nh5 (15... Be6 $11) 16. Qd2 $2 (16. Nxd5 $1 $16 Qxd5 17. Nc3) 16... Qd6 $11 {[#]} 17. Nf4 $1 {[%mdl 512]} Nf6 ({Wrong is} 17... Nxf4 $2 18. Bxf4 Qf8 19. Bxc7 $18) 18. g3 Bd7 19. Bf1 Bf5 20. Nd3 Bb6 21. Nc5 Bxc5 22. dxc5 Qd7 23. Bd4 $1 {[%cal Rd4f6]} Ne4 24. Nxe4 dxe4 25. Bc3 Bxh3 26. Qxd7 Bxd7 27. Bg2 Bf5 28. Rcd1 Re7 29. Rd5 Bg6 30. Bh3 f6 31. b4 Na7 32. a4 Be8 33. Ra1 e3 34. Rd3 exf2+ 35. Kxf2 Bc6 36. Bg4 Rf8 37. Bf5 Kf7 38. Rd6 Rfe8 39. Bg4 Kg6 40. Bd2 Re5 41. Ra3 Nc8 42. Rd4 Ne7 43. Bd1 (43. Bf4 $15) 43... Nf5 $36 {[%mdl 2048] Black is really pushing.} 44. Rg4+ {[#]} Kh7 $1 {...Rd5 is the strong threat.} 45. Rd3 h5 46. Rc4 Nh6 47. Rcd4 {[#]} (47. Rh4 $142) 47... Ng4+ $1 {[%mdl 512]} 48. Bxg4 hxg4 49. Re3 Rf5+ 50. Ke1 Rxe3+ 51. Bxe3 {[%mdl 4096] Endgame KRB-KRB} Rf3 52. Bf2 f5 53. b5 axb5 54. axb5 Bxb5 55. Rf4 Rxf4 56. gxf4 {KB-KB. Black is better.} Kg6 57. Bg3 Kf6 58. Bh4+ Ke6 59. Kf2 Kd5 60. Be7 {[#]} g5 $1 61. Kg3 (61. Bxg5 Kxc5) 61... gxf4+ 62. Kxf4 Bd7 63. Bf8 Bc8 64. Be7 Ke6 65. Bf8 Bd7 66. Bh6 Bc6 67. Bf8 Be4 68. Bh6 Kd5 69. Bf8 Kd4 70. Bd6 Kd3 71. Kg3 Bc6 72. Bf8 Ke4 {Threatens to win with ...f4+.} 73. Bd6 Bd7 74. Bf4 Kd4 75. Bd6 Kd5 {Hoping for ...b5.} 76. Bf8 {Accuracy: White = 75%, Black = 73%.} 1/2-1/2